| 000 | 01031cam a2200337 i 4500 | ||
|---|---|---|---|
| 001 | 200463391 | ||
| 003 | TR-AnTOB | ||
| 005 | 20250701161440.0 | ||
| 007 | ta | ||
| 008 | 221024t20242024tu d 000 0 tur d | ||
| 020 | _a9786050519976 | ||
| 040 |
_aTR-AnTOB _beng _erda _cTR-AnTOB |
||
| 041 | 0 | _atur | |
| 050 | 1 | 4 |
_aKKX1888 _b.G67 2024 |
| 090 |
_aKKX1888 _b.G67 2024 |
||
| 100 | 1 |
_aGörgün, L. Şanal _eauthor _961174 |
|
| 245 | 1 | 0 |
_aİcra ve iflas hukuku / _bProf. Dr. L. Şanal Görgün, Prof. Dr. Levent Börü, Dr. Öğr. Üyesi Mehmet Kodakoğlu. |
| 250 | _a5. Baskı. | ||
| 264 | 1 |
_aAnkara : _bYetkin, _c2024. |
|
| 264 | 4 | _c©2024 | |
| 300 |
_axl, 726 pages ; _c24 cm |
||
| 336 |
_atext _btxt _2rdacontent |
||
| 337 |
_aunmediated _bn _2rdamedia |
||
| 338 |
_avolume _bnc _27rdacarrier |
||
| 504 | _aBIB | ||
| 650 | 7 |
_aİcra-iflas hukuku _zTürkiye _2etuturkob _9115811 |
|
| 700 | 1 |
_aBörü, Levent _eauthor _9120745 |
|
| 700 | 1 |
_aKodakoğlu, Mehmet _eauthor _961175 |
|
| 942 |
_2lcc _cBK |
||
| 999 |
_c200463391 _d81603 |
||